Vyhlásenie pracovníkov Ústavu štátu a práva

Bibliographic Details
Format: Article
Language:Slovak
Subjects:

MARC

LEADER 00000nab a2200000 a 4500
001 vtls000384129
003 SK-MaSNL
005 20260303224643.0
008 230223c1990 xo 0 slo
015 |a SNBRB19rr/mm-uuuuu 
035 |a CL0384251 
035 |a urn:nbn:sk:snk-ab2a8a 
035 |a (urnnbn)urn:nbn:sk:snk:ar-a020mf 
035 |a (uuid)b2770f23-41bb-403e-b683-cfaf3e62e4c9 
040 |a SNKBUCL  |b slo  |c SNKBUCL  |e AACR2 
041 0 |a slo 
044 |a xo  |c SK 
080 |a 061.12(437.6)SAV  |2 1981 
245 0 0 |a Vyhlásenie pracovníkov Ústavu štátu a práva 
610 2 7 |a Slovenská akadémia vied.  |b Ústav štátu a práva  |2 snkbucl  |9 62577 
655 7 |a články z novín a časopisov  |2 snkbucl  |9 267496 
773 0 |t Právny obzor  |g Roč. 73, č. 1 (1990), s. 3-4 
850 |a Slovenská národná knižnica v Martine  |a MTA001 
852 |a SNK  |b KIS3GCP 
954 |a odborná, vedecká literatúra pôvodná (slovenská)  |2 lita 
958 |a RK 
958 |a OND 
958 |a EUIPO 
958 |a article27 
992 |a RBX 
999 |c 2253313  |d 2255243